Genetic algorithms and robotics : a heuristic strategy for optimization
Αποθηκεύτηκε σε:
| Κύριος συγγραφέας: | |
|---|---|
| Μορφή: | Βιβλίο |
| Γλώσσα: | English |
| Δημοσίευση: |
Singapore ; Teaneck, NJ :
World Scientific,
c1991
|
| Σειρά: | World Scientific series in robotics and automated systems ;
; 1 |
| Θέματα: | |
| Ετικέτες: |
Προσθήκη ετικέτας
Δεν υπάρχουν, Καταχωρήστε ετικέτα πρώτοι!
|
MARC
| LEADER | 00000cam a2200000 i 4500 | ||
|---|---|---|---|
| 001 | 1/32585 | ||
| 008 | 011107s1991 eng d | ||
| 020 | |a 9810202172 | ||
| 035 | |l 10039137 | ||
| 035 | |a 1991 |c ΚΑΤΣΙΚΑΣ | ||
| 040 | |a GR-MY-UA |b gre |e aacr | ||
| 041 | 0 | |a eng | |
| 082 | 0 | |a 629.892 | |
| 100 | 1 | |a Davidor, Yuval. | |
| 245 | 1 | 0 | |a Genetic algorithms and robotics : |b a heuristic strategy for optimization / |c Yuval Davidor |
| 260 | |a Singapore ; Teaneck, NJ : |b World Scientific, |c c1991 | ||
| 300 | |a xiv, 164 p.; |b ill.; |c 23 cm. | ||
| 490 | 1 | |a World Scientific series in robotics and automated systems |v ; 1 | |
| 500 | |a Includes bibliographical references (p. 153-160) and index | ||
| 650 | 0 | 0 | |a Robots |x Control systems. |
| 650 | 0 | 0 | |a Combinatorial optimization. |
| 650 | 0 | 0 | |a Algorithms. |
| 830 | 0 | |a World Scientific series in robotics and automated systems ; |v ; 1 | |
| 852 | |a INST |b SAMOS |e 20011107 |h 629.892 DAV |p 005300000736 |q 005300000736 |t BK |y 0 | ||
| 909 | |a Σ |b 020795 | ||